00896nam a22002297a 4500001000500000005001700005008004100022020001800063040002900081050001400110082001100124100001900135245008800154250004400242260003400286300004300320505000600363520024700369521001800616521001800634650001400652129620230811124744.0230811b cb ||||| |||| 00| 0 eng d a9780439653497 aFISKHbengcFISKHdFISKH aAG243.S86 a031.02 aStrasser, Todd aKids' book of cross facts & feats /cby Todd Strasser illustrated by Donna Reynolds aFirst scholastic printing, January 2004 aNew York :bScholastic,c1998 a94 pages, 1 unnumbered plate :b20 cm. aQ aOffers facts and anecdotes about the human body, animals, and human behavior, from the number of microorganisms that live in a person's mouth to the world's largest earthworm and the customs of the Massagetae, who killed and ate their elders. a880 bLexile aQ bRaz-Plus 2fact book